Statistiques concernant Le seul pays avec...

Cliquez ici pour prendre le quiz!

Statistiques générales

  • Ce quiz a été pris 624 fois
    (485 depuis la dernière actualisation)
  • Le résultat moyen est 3 sur 10

Statistiques - réponses

Le seul pays avec...Pays% Correct
...un Y en première lettreYémen
92%
...deux K dans son nomKazakhstan
68%
...deux G dans son nomGéorgie
46%
...trois P dans son nomPhilippines
29%
...quatre U dans son nomRépublique démocratique du Congo
29%
...deux M dans son nomMozambique
22%
...cinq N dans son nomSaint-Vincent-et-les-Grenadines
16%
...trois R dans son nomRépublique centrafricaine
13%
...quatre I dans son nomRépublique dominicaine
13%
...un ô dans son nomCôte d'Ivoire
11%

Distribution des résultats

Percentile par nombre de réponses

% des personnes avec chaque résultat

Votre développement - résultats

Vous n’avez pas pris ce quiz depuis la dernière actualisation